Capitales de Sudamerica y Centroamerica - Estadísticas

Estadísticas generales
  • Esta prueba ha sido intentada 358 veces
  • La puntuación promedio es 20 de 28
Estadísticas de respuestas
Hint Respuesta % Correcto
Brazil Brasilia
100%
Argentina Buenos Aires
99%
Peru Lima
96%
Bolivia La paz
95%
Paraguay Asuncion
94%
Ecuador Quito
94%
Colombia Bogota
93%
Venezuela Caracas
93%
Chile Santiago de chile
90%
Uruguay MonteVideo
86%
Panama Panama
83%
Cuba La Habana
81%
Mexico Mexico
80%
El salvador San Salvador
78%
Costa Rica San Jose
72%
Guatemala Guatemala
71%
Republica Dominicana Santo Domingo
70%
Nicaragua Managua
69%
Jamaica KingSton
67%
Honduras Tegucigalpa
67%
Guyana GeorgeTown
61%
Surinam Paramaribo
61%
Haiti Puerto Principe
56%
Belice Belmopan
53%
Puerto Rico San Juan
48%
Guayana Francesa Cayena
27%
Bahamas Islas Bahamas
5%
Trinidad y Tobago Delta Del Orinoco
4%
No se encontraron pruebas coincidentes
Distribución de puntuación
Porcentaje de gente con cada puntuación
Porcentaje por número respondido
Historial de tus puntuaciones
No has intentado esta prueba.